NEŞESİ YETER (Record no. 1184432)

MARC details
000 -LEADER
sabit uzunluktaki kontrol alanı 00245nam a2200097Ia 4500
001 - KONTROL NUMARASI
kontrol alanı 1184432
005 - EN SON İŞLEMİN TARİH VE ZAMANI
kontrol alanı 20250827020914.0
008 - SABİT-UZUNLUKTA VERİ ÖĞELERİ--GENEL BİLGİ
sabit uzunluktaki kontrol alanı 250824s9999 xx 000 0 und d
245 #0 - ESER / YAZAR
ESER ADI NEŞESİ YETER
Yazar Adı İREM YAŞAR
260 ## - YAYIN, DAĞITIM, VB.
YAYIN EVİ CEZVE KİTAP YAYINLARI
Holdings
Düşüm durumu Kayıp durumu Hasar Durumu Ödünç verilmez Ana kütüphane Geçerli Kütüphane Edinilen tarih Toplam ödünç verme sayısı Barkod Son görüntüleme tarihi Fiyatın geçerli olmaya başladığı tarih Koha materyal türü
        SELÇUKLU BELEDİYESİ SİLLE İLKOKULU SELÇUKLU BELEDİYESİ SİLLE İLKOKULU 24.08.2025   10983062 27.08.2025 27.08.2025 Books